Crabwalk / (Record no. 135213)

MARC details
000 -LEADER
fixed length control field 00638nam a22002297a 4500
005 - DATE AND TIME OF LATEST TRANSACTION
control field 20170124110241.0
010 ## - LIBRARY OF CONGRESS CONTROL NUMBER
LC control number B-078825
020 ## - INTERNATIONAL STANDARD BOOK NUMBER
Terms of availability 00.00
International Standard Book Number 057121651
035 ## - SYSTEM CONTROL NUMBER
System control number B-078825
037 ## - SOURCE OF ACQUISITION
Source of stock number/acquisition Cen Lib/Ret
040 ## - CATALOGING SOURCE
Original cataloging agency DPL
Language of cataloging EN
082 ## - DEWEY DECIMAL CLASSIFICATION NUMBER
Classification number N
Item number GRA
100 ## - MAIN ENTRY--PERSONAL NAME
Personal name Grass, Gunter
9 (RLIN) 95173
245 ## - TITLE STATEMENT
Title Crabwalk /
Statement of responsibility, etc by Gunter Grass ; translated by Krishna Winston
260 ## - PUBLICATION, DISTRIBUTION, ETC. (IMPRINT)
Place of publication, distribution, etc London
Name of publisher, distributor, etc Faber and Faber
Date of publication, distribution, etc 2002
270 ## - ADDRESS
Address 3 Queen Square
City London
300 ## - PHYSICAL DESCRIPTION
Extent 233p.
Other physical details 22cm(pbk)
650 ## - SUBJECT ADDED ENTRY--TOPICAL TERM
Topical term or geographic name as entry element Historical fiction
9 (RLIN) 95174
650 ## - SUBJECT ADDED ENTRY--TOPICAL TERM
Topical term or geographic name as entry element Germany -- Fiction
9 (RLIN) 95175
700 ## - ADDED ENTRY--PERSONAL NAME
Personal name Winston, Krishna
9 (RLIN) 95176
942 ## - ADDED ENTRY ELEMENTS (KOHA)
Source of classification or shelving scheme Dewey Decimal Classification
Koha item type English Books
Classification part N
Call number suffix GRA
Holdings
Withdrawn status Lost status Damaged status Not for loan Home library Current library Date acquired Source of acquisition Cost, normal purchase price Total Checkouts Full call number Barcode Date last seen Date checked out Copy number Cost, replacement price Price effective from Koha item type
        Central Library Central Library 03/10/2015 Cen Lib/Ret 0.00 2 N GRA B-078825 10/06/2022 31/05/2022 1 0.00 03/10/2015 English Books

© Delhi Public Library
Hit Counter
free hit counter